00723cam a22002173a 450000100060000000300060000600500170001200800410002904000150007004200070008505000070009224501180009926000290021750000950024650600300034151600200037165300170039165300260040883000290043485600420046310203PGUSA20140828083221.0031101s2003||||xxu|||||s|||||000 | eng d aPGUSAbeng adc 4aTS10aBig Ben Clock Tower of Westminster :bStriking half past 10, quarter to 11, and 11 o'clockh[electronic resource] bProject Gutenberg,c2003 aRecorded July 16, 1890, at Westminster, London, England, by Miss Ferguson and Graham Hope. aPublic domain in the USA. aElectronic text aClock chimes aBig Ben (Tower clock) 0aProject Gutenbergv1020340uhttp://www.gutenberg.org/ebooks/10203